La Política económica de la revolución, 1979-1989 /
sin resumen
Αποθηκεύτηκε σε:
| Κύριος συγγραφέας: | |
|---|---|
| Μορφή: | Κείμενο |
| Γλώσσα: | Spanish |
| Θέματα: | |
| Ετικέτες: |
Προσθήκη ετικέτας
Δεν υπάρχουν, Καταχωρήστε ετικέτα πρώτοι!
|
MARC
| LEADER | 00000 a a2200000 04500 | ||
|---|---|---|---|
| 001 | 17255 | ||
| 003 | cru IIS | ||
| 005 | 20211103135323.0 | ||
| 008 | 211103b |||||||| |||| 00| 0 spa d | ||
| 040 | |c cru IIS | ||
| 100 | 1 | |a Gutiérrez H, Roberto | |
| 245 | |a La Política económica de la revolución, 1979-1989 / |c Roberto Gutiérrez H | ||
| 500 | |a Colección Centroamérica | ||
| 520 | |a sin resumen | ||
| 650 | |a POLITICA ECONOMICA | ||
| 650 | |a PLANIFICACION ECONOMICA | ||
| 650 | |a REFORMA ECONOMICA | ||
| 773 | |g número 5; páginas 37-62 | ||
| 773 | 0 | |0 43942 |9 6274 |a Nicaragua. |d Masaya, Nicaragua: Ministerio de Desarrollo Agropecuario y de Reforma Agraria. Centro de Investigación en Reforma Agraria |o MFN: 1721 |t Revolución y Desarrollo / | |
| 942 | |2 ddc |c PP | ||
| 999 | |c 30544 |d 30544 | ||
